Normal view MARC view
  • Batool, Humaira

Entry Personal Name

Number of records used in: 1

001 - CONTROL NUMBER

  • control field: 127470

003 - CONTROL NUMBER IDENTIFIER

  • control field: NUST

005 - DATE AND TIME OF LATEST TRANSACTION

  • control field: 20250110102112.0

008 - FIXED-LENGTH DATA ELEMENTS

  • fixed length control field: 250110|| aca||aabn | a|a d

040 ## - CATALOGING SOURCE

  • Original cataloging agency: NUST
  • Transcribing agency: NUST

100 ## - HEADING--PERSONAL NAME

  • Personal name: Batool, Humaira

670 ## - SOURCE DATA FOUND

  • Source citation: Work cat.: (NUST): Batool, Humaira, Environmentally friendly and cost-effective generation of Graphene-based silver nanohybrids (rGO/AgNPs) for DNA binding applications /
© 2023 Central Library, National University of Sciences and Technology. All Rights Reserved.